Delitos contra la administración pública
Uloženo v:
| Hlavní autor: | |
|---|---|
| Médium: | Kniha |
| Jazyk: | španělština |
| Vydáno: |
Bilbao
Administración de la Comunidad Autónoma de Euskadi
1997
|
| Témata: | |
| Tagy: |
Přidat tag
Žádné tagy, Buďte první, kdo vytvoří štítek k tomuto záznamu!
|
MARC
| LEADER | 00000nam a2200000 a 4500 | ||
|---|---|---|---|
| 001 | UCN7588 | ||
| 003 | CL-VaPUC | ||
| 008 | 011018e19970000SP |||||||||||||||||spa|d | ||
| 082 | 0 | 4 | |a 364.132 |b ASU |2 21 |
| 100 | |a Asúa Batarrita, Adela |e author |9 616906 | ||
| 245 | 1 | 0 | |a Delitos contra la administración pública |
| 300 | |a 523 p | ||
| 942 | |c BK | ||
| 945 | |d 20011018 00:00:00 |a vberengu | ||
| 260 | |a Bilbao |b Administración de la Comunidad Autónoma de Euskadi |c 1997 | ||
| 650 | 0 | |a Delitos contra la administración pública |9 531073 | |
| 650 | 0 | |a Funcionario público |9 435663 | |
| 583 | |a last modification |c 20011018 00:00:00 |k Rodrigo Vera | ||
| 999 | |c 297829 |d 297827 | ||
| 952 | |0 0 |1 0 |4 0 |6 364_132000000000000_ASU_1997 |7 0 |8 A |9 352838 |a BIBDER |b BIBDER |d 2019-11-21 |i 375846K |l 7 |o 364.132 ASU 1997 |p 375846K |r 2024-09-09 |s 2024-09-09 |w 2019-11-21 |y BK |k DER | ||